000 00612nam a2200181 a 4500
001 000048656
005 20201002061315.0
008 110401s2016 dr ac 000 0 spa d
020 _a9789945086447
040 _aDO-SdBNP
_bspa
_cBNPHU
100 1 _aRodríguez Bonilla, Manuel.
_938657
245 1 0 _aJuan de Jesús Reyes :
_bel cantor de la Barranquita /
_cManuel Rodríguez Bonilla.
250 _a2a. ed.
260 _aSanto Domingo :
_bSoto Castillo,
_c2016.
300 _a79 p. :
_bil., retr. ;
_c22 cm.
500 _aIncluye datos biográficos del autor en la contracubierta
590 _aInventariado, 2019/VM
999 _c48144
_d48144